شمس ا لر حمن فا ر و قی کی ا فسا نہ نگا ر ی (Record no. 147982)

MARC details
000 -LEADER
fixed length control field 00675nam a22001937a 4500
005 - DATE AND TIME OF LATEST TRANSACTION
control field 20171213152027.0
010 ## - LCCN (DPL NO)
LC control number UR-9968
020 ## - INTERNATIONAL STANDARD BOOK NUMBER
Terms of availability 400.00
International Standard Book Number -
035 ## - SYSTEM CONTROL NUMBER
System control number U-8523
037 ## - SOURCE OF ACQUISITION
Source of stock number/acquisition DBAD/PUB
100 ## - MAIN ENTRY--PERSONAL NAME
Personal name صا بر ہ محسن
245 ## - TITLE STATEMENT
Title شمس ا لر حمن فا ر و قی کی ا فسا نہ نگا ر ی
Statement of responsibility, etc صا بر ہ محسن
246 ## - VARYING FORM OF TITLE
Remainder of title Shams ur Rehman Farooqui ki Afsana Nigari
Title proper/short title by Sabra Mohsin
260 ## - PUBLICATION, DISTRIBUTION, ETC. (IMPRINT)
Place of publication, distribution, etc Kolkata
Name of publisher, distributor, etc Insha Publications
Date of publication, distribution, etc 2017
270 ## - ADDRESS
Address 25-B,Zakaria Street,
City Kolkata
Postal code 700073
Telephone number 91-33-22354616
Fax number -
300 ## - PHYSICAL DESCRIPTION
Extent 528ص
Dimensions 22 Cm.(B.b)
500 ## - GENERAL NOTE
General note دو حصہ
942 ## - ADDED ENTRY ELEMENTS (KOHA)
Source of classification or shelving scheme Dewey Decimal Classification
Item type Urdu Bks
Classification part 844.08
Call number suffix ص ا ب
Holdings
Withdrawn status Lost status Not for loan Collection code Home library Current library Date acquired Source of acquisition Cost, normal purchase price Full call number Barcode Copy number Cost, replacement price Koha item type
    Not For Loan Non-fiction D.B.Act.Division D.B.Act.Division 13/12/2017 DBAD/PUB. 400.00 844.08 ص ا ب U-8523 1 400.00 Urdu Bks

© Delhi Public Library
Hit Counter
free hit counter